000 01074naa a22003137a 4500
001 BR7903741
003 BR-BrBNA
005 20240918174415.0
007 ta
008 230509b bl.||||| |||| 00| 0 por d
040 _aBR-BrBNA
_bpor
_cBiblioteca Nacional de Agricultura
041 _a(Pt)
072 _aH10
_b0336
_b4020
_bG514
090 _aH10 BR7903741
100 1 _aLink, D.
100 1 _aCosta, E.C.
100 1 _aCarvalho, S.
100 1 _aTarrago, M.F.S.
100 1 _aVeiga, P.
111 1 _a1. Seminario Nacional de Pesquisa de Soja
_cLondrina, PR (Brazil)
_d24 Sep 1978
245 1 _aInfestacao da mosca branca, Bemisia tabaci em soja [Brasil]
260 3 _aLondrina, PR (Brasil):
_c1979.
500 _aAnais do 1. Seminario Nacional de Pesquisa de Soja Londrina, PR (Brasil): 1979. p. 23-27 (BR7903741-AM)H10
650 _aSOJA
650 _aMOSCA BRANCA
773 0 _tAnais do 1. Seminario Nacional de Pesquisa de Soja
_b
_wH10 BR7903741
_gLondrina, PR (Brasil), 1979. p. 23-27
909 _a202404
_bLucia
_c55
_dLucia Elande
942 _cAM
_2AGRIS
999 _c311031
_d311031